01287nam a2200337 a 4500001001000000003000500010005001700015008004100032010001100073011001100084040000900095090001000104100003400114245012200148260004100270500006000311502007500371590004100446590004000487590004000527650004100567650003800608650003900646650003800685856007000723901000700793942001000800942000600810999001900816952011400835000115688CHAP20220329144544.0190624s2019 mx a |sm |||||||spa d a112149 a113121 cCHAP aTesis1 aPérez Leto, Rubí.913629710aEvaluación del desarrollo de corderos hampshire durante el periodo de lactanciah[En línea]cRubí Pérez Leto. aChapingo, Méx. :bEl autor,c2019. aPara ver el contenido del material haga clic en la liga aTesis (Ing. Agr. Esp. en Zootecnia) -- UACH. Departamento de Zootecnia aBATCH-UPDb05c20190624lUCH01h1243 aE6339RRRb05c20190624lUCH01h1242 aE6339RRRb05c20190624lUCH01h124314aGanado lanarxAlimentación.94515314aGanado lanarxCrecimiento.94516614aGanado lanarxProducción.94521414aGanado lanarxRendimiento.945219 aFinding aiduhttp://10.13.5.2/tesis/sist115688.pdfzTeclea aquí aBK cTESIS n0 c112149d112149 00102local40718TESISaBCbBCd2019-06-24fTESISl0oTesisp115698-10r2019-12-31 00:00:00w2019-06-24yCD